Management of a public library

Bibliographic Details
Main Author: Jenkins, Harold R. (Author)
Format: Book
Language:Undetermined
PhysicalDescription:258 s.
Published: Greenwich, Connecticut JAI Press 1980

MARC

LEADER 00000nam a2200000 a 4500
001 vtls001328079
003 SK-MaSNL
005 20260302033324.0
008 240313s1980 xx 0 und
035 |a SNK000280895 
040 |a SNK  |b slo  |c SNK  |e AACR2 
100 1 |a Jenkins, Harold R.  |4 aut  |9 683371 
245 1 |a Management of a public library 
260 |a Greenwich, Connecticut  |b JAI Press  |c 1980 
300 |a 258 s. 
958 |a OND 
999 |c 1061191  |d 1063121 
952 |t P60, <04>, [BOOK], {604}  |a SNK  |b SNK  |y VYP  |7 0  |p 17A0096368  |o snkIC 91800/8  |0 0  |1 0  |4 0  |d 1998-04-17  |l 0  |r 2005-01-02 00:00:00  |w 2026-02-24